Informovanosť neprofesionálnych používateľov o ochranných pracovných rukaviciach pri manipulácii s pesticídmi

Salvato in:
Dettagli Bibliografici
Autore principale: Birbičová, Simona (Autore)
Altri autori: Hojerová, Jarmila (Relatore della tesi)
Natura: Manoscritto Libro
Lingua:slovacco
Pubblicazione: 2015
Soggetti:
Accesso online:http://is.stuba.sk/zp/portal_zp.pl?podrobnosti=102119
Tags: Aggiungi Tag
Nessun Tag, puoi essere il primo ad aggiungerne!!

MARC

LEADER 00000ntm a22000003a 4500
001 stuzp52518
003 SK-STU
005 20160719154209.7
007 ta
008 150427s2015----xo-----f-mn---000-0-slo-d
040 |a STU  |b slo 
041 0 |a slo 
100 1 |a Birbičová, Simona  |u 044250  |4 aut  |U FCHPT Ústav biotechnológie a potravinárstva  |T FCHPT Oddelenie potravinárskej technológie  |X 61415  |U C4250  |Y 115  |7 61415 
242 0 1 |a Non-professional users awareness on protective gloves when handling pesticides  |y eng 
245 1 0 |a Informovanosť neprofesionálnych používateľov o ochranných pracovných rukaviciach pri manipulácii s pesticídmi 
260 |c 2015 
650 4 |a pesticídy  |2 slo 
650 4 |a malopestovatelia  |2 slo 
650 4 |a ochranné rukavice  |2 slo 
650 4 |a dotazníky  |2 slo 
650 4 |a dermálna absorpcia  |2 slo 
650 4 |a pesticides  |2 eng 
650 4 |a small farmers  |2 eng 
650 4 |a questionnaires  |2 eng 
650 4 |a protective gloves  |2 eng 
650 4 |a dermal absorption  |2 eng 
700 1 |a Hojerová, Jarmila  |4 ths  |X 3324  |7 A000003324 
856 4 |u http://is.stuba.sk/zp/portal_zp.pl?podrobnosti=102119 
SQL |a stuzp52518  |b DBP  |c SLO  |d Informovanosť neprofesionálnych používateľov o ochranných pracovných rukaviciach pri manipulácii s pesticídmi  |e 61415  |f Birbičová, Simona  |g 044250  |h 3324  |i Hojerová, Jarmila  |j 20150715  |k 520  |l 04  |m http://is.stuba.sk/zp/portal_zp.pl?podrobnosti=102119  |n B-oVYKOZ  |o 5.2.24. potravinárstvo